000 00573nam a2200229Ia 4500
003 OSt
005 20230612140758.0
008 210423s2013 xx 000 0 und d
020 _a978-93259-6896-7
040 _cAL
041 _aeng
082 _a658.4033
_223
_bKOTQ
100 _aKOTHARI (C R)
_976361
245 _aQuantitative techniques Ed 3
250 _a3
260 _aNoida
_bVikas Publications
_c2013
300 _axv,479
_bPB
365 _b395
_cINR
650 _aExecutive Management
_976362
906 _aQuantitative ; techniques
942 _2ddc
_cBK
999 _c168711
_d168711